| 000 | 00715cab a2200277 4500 | ||
|---|---|---|---|
| 001 | ABS60514 | ||
| 008 | 090401t1999 xxu||||| |||| 00| 0 eng d | ||
| 035 | _a(Sirsi) u92946 | ||
| 041 | _aeng | ||
| 100 | _aMyers, A. | ||
| 245 | _aRenewals under Woolf | ||
| 260 | _c1999 | ||
| 350 | _a0 | ||
| 490 |
_aEstates Gazette _v(9914) 10 April 1999, 147(1) |
||
| 650 | _aACCESS TO JUSTICE | ||
| 650 | _aCIVIL PROCEDURE RULES | ||
| 650 | _aCIVIL PROCEDURE RULES | ||
| 650 | _aEXPERT WITNESSES | ||
| 650 | _aLEASE RENEWALS | ||
| 650 | _aPACT | ||
| 650 | _aPROFESSIONAL ARBITRATION ON COURT TERMS | ||
| 650 | _aWOOLF REFORMS | ||
| 690 | _aPROPERTY-LANDLORD AND TENANT | ||
| 942 | _n0 | ||
| 948 | _c23/04/1999 | ||
| 999 |
_c58903 _d58903 |
||